| 000 | 01020nam a2200265 i 4500 | ||
|---|---|---|---|
| 001 | 179670 | ||
| 003 | ES-MaACL | ||
| 005 | 20250804110805.0 | ||
| 008 | 111230s2002 it acf |||| |dita d | ||
| 080 | _a75Pitti(083.824) | ||
| 100 | 1 |
_aPitti ( _d1951-) _9148929 |
|
| 245 | 1 | 0 |
_aPitti _b: [exposición] Artes Plásticas, Ateneo Madrid / _c[textos, Mario Ángel Marrodán ... et al.]. |
| 246 | 3 | 8 |
_iEn el lomo _aLa settima volta |
| 260 |
_aMadrid : _bAteneo de Madrid ; _aBérgamo (Italia) : _bCrea, _c[2002] |
||
| 300 |
_a64 p. : _bprincipalmente il. col. ; _c29 cm. |
||
| 546 | _aTextos en italiano y español. | ||
| 600 | 1 | 4 |
_aPitti ( _d1951)- _vExposiciones. _9148930 |
| 610 | 2 | 4 |
_aAteneo de Madrid- _vExposiciones- _y2001-2009 _91924 |
| 655 | 7 |
_2tgfbne _9193628 _aCatálogos de exposiciones |
|
| 700 | 1 |
_aMarrodán, Mario Ángel, _d1932-2005 _977080 |
|
| 710 | 2 |
_aAteneo de Madrid. _bSección de Artes Plásticas. _91970 |
|
| 852 |
_aES-MaACL _j2291-F-17 |
||
| 942 | _2udc | ||
| 999 |
_c179670 _d179670 |
||